| 000 | 00563cam a22002052 4500 | ||
|---|---|---|---|
| 001 | 0000004960 | ||
| 005 | 20170406120236.0 | ||
| 008 | 141127s xx 000 0 eng d | ||
| 020 | _c$ | ||
| 040 |
_aYour Holding Symbol _cYour Holding Symbol |
||
| 100 | 1 | _aAquinas,Thomas. | |
| 245 | 1 | 0 |
_aSumma Theologia : _bvolume 1 the existence of god. |
| 250 | _a ed. | ||
| 260 |
_aNEW YORK : _bIMAGE BOOKS, _c1964. |
||
| 300 |
_a315 p. ; _c cm. |
||
| 504 | _aINDEX. | ||
| 650 | 0 | _aTHEOLOGY. | |
| 908 | _a141127 | ||
| 999 |
_c4768 _d4768 |
||